000 01016nam0a2200313 4500
001 RU\NLR\bibl\62996
005 20260406042508.0
010 _a5-88155-282-2
_910000
021 _aRU
_b99-30523
_91488
035 _a(NLR Aleph) 000061469
090 _a335021
_c335021
100 _a19991210d1998 |||y0rusy50 ca
101 0 _arus
102 _aRU
105 _ay |||||||||
200 1 _aСновидения и их толкование
_f[Сост. В. Пивовар]
210 _aСПб.
_cЗолотой век
_cДиамант
_d1998
215 _a286,[2] с.
_d24
225 1 _aКнижная полка
_iВнутренний мир
606 0 _aСонники
_91660313
_3RU\NLR\auth\661034235
686 _aЭ391.221,088
702 1 _4070
_7ca
_8rus
_aПивовар
_bВ.
_9112720
_3RU\NLR\auth\772712
801 0 _aRU
_bNLR
_c19991210
_gPSBO
801 1 _aRU
_bNLR
_c19991210
852 _aNLR
_j99-7/2382
942 _cBOOK
980 _aNB